Kluby Piłkarskie W Województwie Pomorskim - Statistics

General Stats
  • This quiz has been taken 39 times
  • The average score is 16 of 40
Answer Stats
Hint Answer % Correct
Gdynia Arka
100%
Gdańsk Lechia
97%
Wejherowo Gryf
69%
Słupsk Gryf
69%
Gdynia Bałtyk
66%
Lębork Pogoń
66%
Prabuty Pogoń
66%
Chojnice Chojniczanka
59%
Gdańsk Jaguar
59%
Gdańsk Gedania
55%
Bytów Bytovia
52%
Pruszcz Gdański Czarni
52%
Kartuzy Cartusia
48%
Stężyca Radunia
48%
Człuchów Piast
45%
Rumia Orkan
41%
Malbork Pomezania
41%
Władysławowo MKS
38%
Luzino Wikęd
38%
Ustka Jantar
34%
Starogard Gdański KP
34%
Chwaszczyno KS
34%
Nowy Staw Grom
31%
Kościerzyna Kaszubia
31%
Łeba Start
31%
Miastko Start
31%
Pelplin Wierzyca
31%
Tczew Wisła
31%
Dzieżgoń Powiśle
28%
Puck Zatoka
28%
Żukowo GKS
24%
Kolbudy GKS
24%
Reda Orlęta
21%
Kwidzyn Supra
21%
Brusy Tęcza
21%
Sztum Olimpia
14%
Nowy Dwór Gdański LKS
10%
Sopot Ogniwo
10%
Koleczkowo KKS
7%
Hel MZKS
7%
No matching quizzes found
Score Distribution
Percent of People with Each Score
Percentile by Number Answered
Your Score History
You have not taken this quiz